000 00856nam0a22002651 4500
001 rc\27466
005 20250620152105.0
010 _a5-85770-162-7
_95000
035 _a(NLR Aleph) 005313844
090 _a6414705
_c6414705
100 _a20021216d1994 |||y0rusy50 ca
101 0 _arus
102 _aRU
105 _ay |||||||||
200 1 _aГлазами Нового Завета
_eОбраз Христа в Ветхом Завете
_e[Пер. с англ.]
210 _aМ.
_cПротестант
_d1994
215 _a156, [3] с.
_d20
300 _aПеревод изд.: With New testament eyes / Henry T. Mahan (Evangelical press)
500 1 0 _aБиблия
_iНовый Завет
700 1 _aМэхен
_bГ.
_gГенри
801 0 _aRU
_bNLR
_gpsbo
801 1 _aRU
_bELAR
_2rusmarc
852 _aNLR
_j94-3/4807
942 _cBOOK
980 _aNB